000 00354nam a2200133 i 4500
001 bg
100 1 _aJarmontowicz, Alina.
245 0 _aWpływ mikrostruktury zaczynu na wytrzymałość betonu zwykłego /
_cA. Jarmontowicz.
260 _aWarszawa,
_c1990.
040 _cBPK
041 _apol
942 _cKS
008 s pl f |000 0 pol
999 _c29251
_d29251
856 _uhttp://koha.tu.koszalin.pl/cgi-bin/koha/opac-detail.pl?biblionumber=29251
_yKatalog online BPK